=LDR 00000nam 2200000 4500 =001 INLIS000000000038872 =005 20130612144530 =008 ***********************************ind** =035 ##$$0010-061300000038872 =041 ##$$a ind =082 ##$$a 813 =090 ##$$a 813, Dem m.1 =100 ##$$a DEMATRA, Damien =245 ##$$a Mama, aku harus pergi/Damien dematra =260 ##$$a 2010 $b Jakarta =300 ##$$a 164 Hlm, 11 Cm =650 ##$$a FIKSI =850 ##$$a NBPNMAT